000 nam a22 7a 4500
999 _c2624
_d2624
005 20170517121812.0
008 170517b1988 enk||||| |||| 00| 0 eng d
020 _a0397530005
040 _aAKMAL
082 _a618.97683 COO
090 _a618.97683
_bCOO
130 0 _aLosing a million minds _ confronting the tragedy of Alzheimer's disease and other dementias.
_95481
245 1 0 _aConfronting Alzheimer's disease and other dementias /
_cRobert M. Cook-Deegan ... [et al.]
260 _bScience Information Resource Center.
300 _a538p.
_ccm
500 _aIncludes index
650 0 _aAlzheimer's disease
_95482
650 0 _aDementia
_95483
650 2 _aAlzheimer's Disease.
_95484
700 1 _aCook-Deegan, Robert M.
_95485
710 1 _aUnited States.
_bCongress.
_bOffice of Technology Assessment.
_95486
942 _2ddc
_cBOOK